000 00963nas a2200313 4500
001 BR0804403
003 BR-BrBNA
005 20231205111810.0
007 ta
008 230509b bl.|||p| |||| 00| 00por d
040 _aBR-BrBNA
_bpor
_cBiblioteca Nacional de Agricultura
041 _a(Pt)
072 _aF61; P34; F04
100 1 _aFreitas, M.S.M.
100 1 _aMartins, M.A.
100 1 _aCarvalho, A.J.C. de
245 1 _aCrescimento e composição mineral da menta em resposta á inoculação com fungos micorrízicos arbusculares e adubação fosfatada
650 _aNUTRIÇÃO VEGETAL
650 _aPLANTA MEDICINAL
650 _aMICORRIZA
650 _aADUBAÇÃO
650 _aFERTILIZANTE
650 _aFUNGO
650 _aFOSFORO
650 _aMENTA
773 0 _tHorticultura Brasileira (Brazil)
_xISSN 0102-0536
_g(Jan-Mar 2006), v. 24(1) p. 11-16
_wBR0804403
909 _a202311
_bLúcia
_c55
_dLúcia Elande
942 _2AGRIS
_n0
_cANA
999 _c194532
_d194532